| 000 | 00479nam a2200145Ia 4500 | ||
|---|---|---|---|
| 008 | 100122s9999 xx 000 0 und d | ||
| 082 |
_b28314 _a823 |
||
| 100 | _aभावे पु भा | ||
| 245 | _aआग ( मधली पाने नाही ) | ||
| 260 |
_bमेनका प्रकाशन _c1905 |
||
| 300 | _a148 | ||
| 630 | _aआग ( मधली पाने नाही ) | ||
| 730 | _aआग ( मधली पाने नाही ) | ||
| 942 | _cBOOK | ||
| 999 |
_c414028 _d414025 |
||